Online
Catalog
Normal view MARC view

Entry Nombre personal

Number of records used in: 28

001 - NÚMERO DE CONTROL

  • campo de control: 8319

003 - IDENTIFICADOR DEL NÚMERO DE CONTROL

  • campo de control: BNPHU

005 - FECHA Y HORA DE LA ÚLTIMA TRANSACCIÓN

  • campo de control: 20240305132039.0

008 - DATOS DE LONGITUD FIJA

  • campo de control de longitud fija: 200615|| aca||aabn | a|a d

010 ## - NÚMERO DE CONTROL DE LA BIBLIOTECA DEL CONGRESO

  • Número de control de LC: n 84023922

040 ## - FUENTE DE LA CATALOGACIÓN

  • Centro catalogador/agencia de origen: DO-SdBNP
  • Lengua de catalogación: spa
  • Centro/agencia transcriptor: BNPHu
  • Normas de descripción: rda

100 1# - ENCABEZAMIENTO-NOMBRE DE PERSONA

  • Nombre de persona: Brea, Ramonina

400 1# - TRAZADO DE VÉASE--NOMBRE DE PERSONA

  • Nombre de persona: Brea del Castillo, Ramonina

400 1# - TRAZADO DE VÉASE--NOMBRE DE PERSONA

  • Nombre de persona: Castillo, Ramonina Brea del

670 ## - FUENTE DE DATOS ENCONTRADOS

  • Cita de la fuente: Work cat.: (OSt)2473: Constitución y economía :, 1996.

670 ## - FUENTE DE DATOS ENCONTRADOS

  • Cita de la fuente: Ensayo sobre la formación del estado cap. en la Rep. Dom. y Haití, 1983:

670 ## - FUENTE DE DATOS ENCONTRADOS

  • Cita de la fuente: Presidencialismo y democracia en la sociedad dominicana (1994-2010), 2012
  • Información encontrada: p. 11 (Ramonina Brea del Castillo)

Powered by Koha